00497nam a2200133 4500008001000000020001500010082001500025100001800040245002000058260004700078300003700125505012000162650008100282708 B959d a9968899100 a708bB959d aBurke, Hector aUn desaparecido aSan José, Costa RicabTEOR/éTicac2003 a35 p.bill (col)c20,2 x 21.7 cm tEl signo de un "outsider"rVirginia Pérez-RattontSoy un auténtico extravaganterJoaquín Rodríguez del Paso xarte contemporáneoxarte - exhibicionesxarte - grabadoxarte - Costa Rica